Nevyšla si

Bibliographic Details
Main Author: Pavuliak, Jaroslav (Author)
Other Authors: Rezník, Jaroslav, 1942- (Translator)
Format: Article
Language:Slovak
Subjects:

MARC

LEADER 00000nab a2200000 a 4500
001 vtls000069083
003 SK-MaSNL
005 20260303175732.0
008 150430c1980 xo 0 slo
015 |a SNBRB19rr/mm-uuuuu 
035 |a CL0079183 
040 |a SNKBUCL  |b slo  |c SNKBUCL  |e AACR2 
041 0 |a slo 
044 |a xo  |c SK 
080 |a 883-1  |2 1981 
100 1 |a Pavuliak, Jaroslav  |4 aut  |9 1204684 
245 1 0 |a Nevyšla si  |c Jaroslav Pavuliak ; Jaroslav Rezník 
650 0 7 |a básne lyrické  |2 snkbucl  |9 403933 
650 0 7 |a sovietska literatúra  |2 snkbucl  |9 22300 
655 7 |a články z novín a časopisov  |2 snkbucl  |9 267496 
655 7 |a články z odboru literárna veda a krásna literatúra  |2 snkbucl  |9 770045 
700 1 |a Rezník, Jaroslav,  |d 1942-  |4 trl  |9 100140 
773 0 |t Ľud  |g Roč. 33, č. 221 (18. 9. 1980), s. 10 
850 |a Slovenská národná knižnica v Martine  |a MTA001 
852 |a SNK  |b KIS3GCP 
958 |a RK 
958 |a LX 
958 |a SK 
992 |a RBX 
999 |c 2103152  |d 2105082